| 000 | 00000nam##2200000za#4500 |
| 001 | 9.625428 |
| 003 | CaOODSP |
| 005 | 20220808101246 |
| 007 | ta |
| 008 | 150406|2001||||xxc||||| f|0| 0 fre|d |
| 020 | |a0-662-85047-5 |
| 040 | |aCaOODSP|bfre |
| 043 | |an-cn--- |
| 086 | 1 |aEn40-215/60F |
| 110 | 1 |aCanada. |bEnvironnement Canada. |
| 245 | 10|aChloramines inorganiques |
| 260 | |aOttawa - Ontario : |bEnvironnement Canada |c2001. |
| 300 | |avii, 76p. : |bgraphiques, tableaux ; |c28 cm. |
| 490 | 1 |aListe des substances d'intérêt prioritaire: rapport d'évaluation |
| 504 | |aBibliographie. |
| 563 | |aReliure à spirale |
| 590 | |a02-30|b2002-07-26 |
| 691 | 07|aÉvaluation environnementale|2gcpds |
| 691 | 07|aProduit toxique|2gcpds |
| 775 | 08|tInorganic chloramines |w(CaOODSP)9.615326 |
| 776 | 0#|tChloramines inorganiques / |w(CaOODSP)9.601994 |
| 830 | #0|aListe des substances d'intérêt prioritaire, rapport d'évaluation.|w(CaOODSP)9.512966 |